000 00940nam a2200217Ia 4500
003 Ost
005 20260507075112.0
008 260507s9999||||xx |||||||||||||| ||und||
040 _cfsecg
041 _aara
082 _a330
100 _aعثمان، سعيد عبد العزيز
_eمؤلف
245 0 _aمقدمة في الاقتصاد العام /
_c سعيد عبد العزيز عثمان
260 _aالاسكندرية:
_bالدار الجامعية,
_c[دون تاريخ]
300 _a448 صفحة؛
_bإيضاحات ؛
_c24 سم
490 _aالمكتبة المالية والاقتصادية
504 _aملحق:ص.439-443؛ببليوغرافيا:ص.445-448
520 _aالإطار العام لدراسة المالية العامة،الموازنة العامة للدولة،الضرائب مباشرة وغير مباشرة،القروض العامة
653 _aالاقتصاد
942 _cكتاب
999 _c42925
_d42925